Displacement without rehabilitation: Insights from upper Indravati project, Odisha (Record no. 533194)
[ view plain ]
| 000 -LEADER | |
|---|---|
| fixed length control field | 01132nam a22001337a 4500 |
| 008 - FIXED-LENGTH DATA ELEMENTS--GENERAL INFORMATION | |
| fixed length control field | 260429b ||||| |||| 00| 0 eng d |
| 100 ## - MAIN ENTRY--PERSONAL NAME | |
| Personal name | Ratha, Keshab Chandra |
| 245 ## - TITLE STATEMENT | |
| Title | Displacement without rehabilitation: Insights from upper Indravati project, Odisha |
| 260 ## - PUBLICATION, DISTRIBUTION, ETC. (IMPRINT) | |
| Place of publication, distribution, etc | Economic & Political Weekly |
| 300 ## - PHYSICAL DESCRIPTION | |
| Extent | 61(11), Mar 14, 2026: p.14-17 |
| 520 ## - SUMMARY, ETC. | |
| Summary, etc | Displacement disproportionately affects indigenous communities, with state claims of “public purpose” failing to provide adequate and unconditional resettlement. This leaves affected groups vulnerable, resulting in loss of livelihoods, cultural dislocation, and inadequate access to services, mainly impacting tribals due to insufficient compensation. The lack of enforceable legal guarantees turns rehabilitation into an act of state benevolence instead of an obligation, undermining social justice. A paradigm shift in development planning is called for to incorporate rights-based approaches.-Reproduced https://www.epw.in/journal/2026/11/commentary/displacement-without-rehabilitation.html |
| 773 ## - HOST ITEM ENTRY | |
| Main entry heading | Economic & Political Weekly |
| 942 ## - ADDED ENTRY ELEMENTS (KOHA) | |
| Item type | Articles |
| Withdrawn status | Lost status | Source of classification or shelving scheme | Damaged status | Not for loan | Permanent location | Current location | Date acquired | Serial Enumeration / chronology | Barcode | Date last seen | Koha item type |
|---|---|---|---|---|---|---|---|---|---|---|---|
| Indian Institute of Public Administration | Indian Institute of Public Administration | 2026-04-29 | 61(11), Mar 14, 2026: p.14-17 | AR138705 | 2026-04-29 | Articles |
